La ola muerta

محفوظ في:
التفاصيل البيبلوغرافية
المؤلف الرئيسي: Marín, Germán (autor)
التنسيق: كتاب
اللغة:الإسبانية
منشور في: Santiago DeBolsillo 2009
الطبعة:1a. ed
سلاسل:Biblioteca Germán Marín
الموضوعات:
الوسوم: إضافة وسم
لا توجد وسوم, كن أول من يضع وسما على هذه التسجيلة!

MARC

LEADER 00000cam a2200000 a 4500
001 UCF0531
003 CL-VaPUC
008 120531e20090000CL |||||||||||||||||spa|d
020 |a 9789568367961 
082 0 4 |a Ch863  |b MAR  |2 21 
100 |a Marín, Germán  |e autor  |9 594423 
245 1 3 |a La ola muerta 
246 1 0 |a Historia de una absolución familiar 3 
250 |a 1a. ed 
300 |a 492 p 
942 |c BK 
945 |d 20120531 00:00:00  |a cmena 
260 |a Santiago  |b DeBolsillo  |c 2009 
650 0 |a Novelas chilenas   |9 265425 
650 0 |a Literatura chilena   |9 308278 
583 |a last modification  |c 20130308 08:03:47  |k Rodrigo Vera 
490 0 |a Biblioteca Germán Marín 
999 |c 347788  |d 347786 
952 |0 0  |1 0  |4 0  |6 CH_863_000000000000000_MAR_2009  |7 0  |8 A  |9 449404  |a FDOPOS  |b FDOPOS  |d 2019-11-22  |i 4814363  |o Ch863 MAR 2009  |p 4814363  |r 2025-01-22  |w 2019-11-22  |y BK  |k DLA